Mayonaise - Smashing Pumpkins (All Lyrics) - Statistics

General Stats
  • This quiz has been taken 102 times
  • The average score is 147 of 213
Answer Stats
Hint Answer % Correct
Verse 2 I
98%
The
98%
A
95%
To
95%
It
93%
When
91%
Be
90%
No
90%
Not
90%
See
90%
And
88%
Me
88%
Me?
88%
So
88%
Enough
86%
Try
86%
You
86%
Can
84%
Will
84%
Cool
83%
Quite
83%
Almost
81%
Of
81%
Verse 1 | Verse 4 Fool
79%
With
78%
Your
76%
Understand
74%
That
71%
My
69%
Away
67%
Full
67%
Sorrow
67%
Tomorrow
67%
Feel
66%
June
66%
Pain
66%
Pocket
66%
Run
66%
Dream
64%
Go
60%
Pick
60%
Somehow
60%
Doomed
59%
Ease
59%
Hear
59%
Where
59%
But
57%
Is
57%
Our
57%
One
53%
Secrets
53%
Dearies
52%
Dreary
52%
Life
52%
Same
52%
All
50%
Knows
48%
Send
48%
Want
48%
I'm
47%
Just
47%
Bridge We'll
47%
Well
47%
Always
45%
Demons
45%
Strike
43%
Verse 3 Mother
40%
Out
40%
Time
40%
Bad
38%
Old
38%
Fail
34%
Harlots
34%
More
34%
This
34%
Can't
33%
Narrow
33%
Scream
33%
Straight
33%
Cursed
31%
Heart
31%
Reasons
31%
Missing
29%
Words
29%
Anybody
28%
Back
28%
Follow
28%
Season
28%
While
28%
Given
26%
I'll
26%
Love
26%
Perils
26%
Feeling
24%
Longer
24%
Mouth
24%
Shut
24%
Years
22%
Weep
21%
Defy
16%
Rumoured
16%
Hand
14%
Plans
14%
Promise
10%
No matching quizzes found
Score Distribution
Percent of People with Each Score
Percentile by Number Answered
Your Score History
You have not taken this quiz